000
00282nam a22001217a 4500
008
170621b xxu||||| |||| 00| 0 eng d
041
_a
eng
080
_a
32
100
_a
20
101
_a
shp
245
_a
NTONIO GRAMSCI ARCHITECT OF NEW POLITICS
_c
GERMINO.D
942
_2
udc
_c
BK
999
_c
18524
_d
18524